Tennis (Record no. 76834)

MARC details
000 -LEADER
fixed length control field 00672nam a2200253 i 4500
001 - CONTROL NUMBER
control field C2-0267935
003 - CONTROL NUMBER IDENTIFIER
control field PPAK
005 - DATE AND TIME OF LATEST TRANSACTION
control field 20180727235018.0
008 - FIXED-LENGTH DATA ELEMENTS--GENERAL INFORMATION
fixed length control field 060808s2005 my a|||| ||||| | eng d
020 ## - INTERNATIONAL STANDARD BOOK NUMBER
International Standard Book Number 9830561925
040 ## - CATALOGING SOURCE
Original cataloging agency PPAK
Language of cataloging eng
Transcribing agency PPAK
Description conventions rda
082 04 - DEWEY DECIMAL CLASSIFICATION NUMBER
Classification number 796.342
Edition number 23
090 00 - LOCALLY ASSIGNED LC-TYPE CALL NUMBER (OCLC); LOCAL CALL NUMBER (RLIN)
Classification number (OCLC) (R) ; Classification number, CALL (RLIN) (NR) 796.342
Feature heading TEN
Feature heading G
245 00 - TITLE STATEMENT
Title Tennis
264 #1 - PRODUCTION, PUBLICATION, DISTRIBUTION, MANUFACTURE, AND COPYRIGHT NOTICE
Place of production, publication, distribution, manufacture Petaling Jaya, Selangor :
Name of producer, publisher, distributor, manufacturer Alpha Sigma ,
Date of production, publication, distribution, manufacture, or copyright notice 2005
300 ## - PHYSICAL DESCRIPTION
Extent 64 pages :
Other physical details colour illustrations ;
Dimensions 27 cm
336 ## - CONTENT TYPE
Source rdacontent
Content type term text
337 ## - MEDIA TYPE
Source rdamedia
Media type term unmediated
338 ## - CARRIER TYPE
Source rdacarrier
Carrier type term volume
490 1# - SERIES STATEMENT
Series statement Step by step sports
650 10 - SUBJECT ADDED ENTRY--TOPICAL TERM
Topical term or geographic name entry element Tennis.
830 #0 - SERIES ADDED ENTRY--UNIFORM TITLE
Uniform title Step by step sports
942 ## - ADDED ENTRY ELEMENTS (KOHA)
-- dc
Koha item type Book
Holdings
Withdrawn Not for loan Current library Shelving location Date acquired Full call number Barcode Date last seen Koha item type
    Perpustakaan Alor Setar Pinjaman Dewasa 13/11/2005 796.342 TEN A01100795 09/05/2018 Book
    Perpustakaan Alor Setar Pinjaman Dewasa 07/01/2007 796.342 TEN A01128769 09/05/2018 Book
    Perpustakaan Awam Sungai Petani Pinjaman Dewasa 07/01/2007 796.342 TEN A01128770 09/05/2018 Book
    Perpustakaan Baling Pinjaman Dewasa 07/01/2007 796.342 TEN A01128776 09/05/2018 Book
    Perpustakaan Bandar Baharu Pinjaman Dewasa 07/01/2007 796.342 TEN A01128777 09/05/2018 Book
    Perpustakaan Jitra Pinjaman Dewasa 07/01/2007 796.342 TEN A01128771 09/05/2018 Book
    Perpustakaan Kulim Pinjaman Dewasa 07/01/2007 796.342 TEN A01128773 09/05/2018 Book
    Perpustakaan Langkawi Pinjaman Dewasa 07/01/2007 796.342 TEN A01128772 09/05/2018 Book
    Perpustakaan Merbok Pinjaman Dewasa 07/01/2007 796.342 TEN A01128779 09/05/2018 Book
    Perpustakaan Yan Pinjaman Dewasa 07/01/2007 796.342 TEN A01128774 09/05/2018 Book